EU4 All Formable Nations - Statistics

General Stats
  • This quiz has been taken 49 times
    10 since last reset
  • The average score is 103 of 141
Answer Stats
Hint Answer % Correct
Europe Andalusia
100%
Oceania Australia
100%
Europe Bavaria
100%
Asia Bharat
100%
South America Brazil
100%
Europe Byzantium
100%
Europe Commonwealth
100%
North America Cuba
100%
Asia Deccan
100%
Europe England
100%
Europe France
100%
Europe Germany
100%
Europe Great Britain
100%
Europe Greece
100%
Asia Hindustan
100%
Europe Holy Roman Empire
100%
Europe Iceland
100%
South America Inca
100%
Europe Ireland
100%
Asia Manchu
100%
North America Mexico
100%
South America Peru
100%
Europe Poland
100%
Europe Prussia
100%
Asia Qing
100%
Europe Roman Empire
100%
Europe Romania
100%
Europe Ruthenia
100%
Europe Sardinia-Piedmont
100%
Europe Scandinavia
100%
Europe Scotland
100%
Europe Silesia
100%
Europe Spain
100%
Europe Swabia
100%
North America Texas
100%
Asia Timurids
100%
Europe Tuscany
100%
Europe Two Sicilies
100%
North America Alaska
80%
Africa Algiers
80%
Asia Arabia
80%
Asia Armenia
80%
Europe Austria
80%
Europe Austria-Hungary
80%
North America California
80%
North America Canada
80%
South America Chile
80%
South America Colombia
80%
Europe Croatia
80%
Europe Denmark
80%
Africa Egypt
80%
Africa Ethiopia
80%
North America Florida
80%
Asia Georgia
80%
Europe Golden Horde
80%
Europe Great Moravia
80%
Europe Hanover
80%
Oceania Hawai'i
80%
Europe Hungary
80%
North America Illinois
80%
North America Iroquois
80%
Europe Italy
80%
Asia Japan
80%
South America La Plata
80%
Europe Lotharingia
80%
Asia Malaya
80%
Africa Mali
80%
Africa Mamluks
80%
Asia Mongol Empire
80%
Asia Mughals
80%
Europe Netherlands
80%
Asia Persia
80%
North America Quebec
80%
Europe Russia
80%
Europe Saxony
80%
Asia Siam
80%
Africa Somalia
80%
Europe Switzerland
80%
Africa Tunis
80%
North America United States
80%
South America Venezuela
80%
Europe Westphalia
80%
Asia Yemen
80%
Asia Yuan
80%
Europe Angevin Kingdom
60%
Europe Bulgaria
60%
North America Cascadia
60%
North America Creek
60%
Asia Dai Viet
60%
Europe Dalmatia
60%
Europe Franconia
60%
North America Haiti
60%
North America Huron
60%
Asia Ilkhanate
60%
Asia Jerusalem
60%
Africa Kongo
60%
Europe Kurland
60%
Europe Latin Empire
60%
Europe Livonia
60%
North America Louisiana
60%
Asia Marathas
60%
North America Maya
60%
Africa Morocco
60%
Asia Nepal
60%
Asia Orissa
60%
South America Paraguay
60%
Europe Pomerania
60%
Asia Punjab
60%
Asia Rûm
60%
Asia Shan
60%
North America Sioux
60%
Africa Sokoto
60%
Asia Tibet
60%
Africa Tripoli
60%
North America United Central America
60%
North America West Indies
60%
Africa Aksum
40%
Oceania Aotearoa
40%
Asia Bukhara
40%
Asia Delhi
40%
Asia Eranshahr
40%
Africa Hausa
40%
North America Illiniwek
40%
Asia Israel
40%
Africa Kitara
40%
Asia Lanfang
40%
Asia Lan Xang
40%
Europe Lübeck
40%
Africa Nubia
40%
North America Potawatomi
40%
Asia Rajputana
40%
Africa Rozwi Empire
40%
North America Shawnee
40%
North America Sonora
40%
North America Vermont
40%
Oceania Viti
40%
Oceania Zealandia
40%
Africa Zimbabwe
40%
Africa Macina
20%
Africa Mossi
20%
Asia Nagpur
20%
No matching quizzes found
Score Distribution
Percent of People with Each Score
Percentile by Number Answered
Your Score History
You have not taken this quiz since the last reset